[Event "IND-ch U15 48th"]
[Site "Jalgaon"]
[Date "2023.12.28"]
[Round "3"]
[White "Arshpreet, Singh"]
[Black "Ghadge, Harsh"]
[Result "1-0"]
[WhiteElo "1878"]
[BlackElo "1663"]
[PlyCount "80"]
[EventDate "2023.12.27"]
[EventType "swiss"]
[EventRounds "11"]
[EventCountry "IND"]
[SourceTitle "CB02_2024"]
[SourceDate "2024.01.10"]
[SourceVersion "1"]
[SourceVersionDate "2024.01.10"]
[SourceQuality "1"]

1. e4 c6 2. c4 d5 3. exd5 cxd5 4. cxd5 Nf6 5. Bb5+ Nbd7 6. Nc3 a6 7. Ba4 b5 8. Bb3 Nb6 9. d4 Bb7 10. Nf3 Nbxd5 11. Nxd5 Nxd5 12. 0-0 e6 13. Ne5 Be7 14. Qg4 Bf6 15. Re1 h5 16. Qf3 Ra7 17. a4 b4 18. a5 Ne7 19. Qe2 Bd5 20. Ba4+ Kf8 21. Bd2 Nf5 22. Bxb4+ Kg8 23. Bc5 Bxe5 24. Qxe5 Qg5 25. Re4 Ra8 26. Bd1 Bxe4 27. Qxe4 Rd8 28. Bb3 Rh6 29. Bc4 Nd6 30. Bxd6 Rxd6 31. Qa8+ Rd8 32. Qxa6 Rxd4 33. Qa8+ Kh7 34. Bf1 Rf6 35. Qb8 Rd2 36. Qg3 Qc5 37. Qe3 Qc2 38. a6 Qxb2 39. Bd3+ g6 40. Rf1 Qc3 1-0

[Event "Bhubaneswar op-A 14th"]
[Site "Bhubaneswar"]
[Date "2023.06.17"]
[Round "9"]
[White "Prishita, Gupta"]
[Black "Arshpreet, Singh"]
[Result "0-1"]
[WhiteElo "1491"]
[BlackElo "1888"]
[PlyCount "59"]
[EventDate "2023.06.11"]
[EventType "swiss"]
[EventRounds "10"]
[EventCountry "IND"]
[SourceTitle "CBM 214 Extra"]
[Source "ChessBase"]
[SourceDate "2023.07.31"]
[SourceVersion "1"]
[SourceVersionDate "2023.07.31"]
[SourceQuality "1"]

1. e4 c5 2. Nc3 Nc6 3. Bb5 Nf6 4. Nf3 Nd4 5. Bd3 d5 6. e5 Nd7 7. Nxd4 cxd4 8. e6 dxc3 9. Qh5 g6 10. exd7+ Qxd7 11. Qe5 cxd2+ 12. Bxd2 Qe6 13. Bb5+ Kd8 14. Ba5+ b6 15. Bc3 Bg7 16. Qxe6 Bxc3+ 17. bxc3 Bxe6 18. 0-0-0 Kc7 19. Rhe1 Rhd8 20. Rd4 Kd6 21. c4 Kc5 22. c3 dxc4 23. Re5+ Rd5 24. Rdxd5+ Bxd5 25. Ba6 e6 26. a4 Rd8 27. f3 f6 28. Re2 e5 29. Rd2 Rd6 30. Rb2 0-1

[Event "Bhubaneswar op-A 14th"]
[Site "Bhubaneswar"]
[Date "2023.06.13"]
[Round "4"]
[White "Arshpreet, Singh"]
[Black "Swastik, Singhal"]
[Result "1-0"]
[WhiteElo "1888"]
[BlackElo "1490"]
[PlyCount "82"]
[EventDate "2023.06.11"]
[EventType "swiss"]
[EventRounds "10"]
[EventCountry "IND"]
[SourceTitle "CBM 214 Extra"]
[Source "ChessBase"]
[SourceDate "2023.07.31"]
[SourceVersion "1"]
[SourceVersionDate "2023.07.31"]
[SourceQuality "1"]

1. e4 c6 2. c4 d5 3. exd5 cxd5 4. cxd5 Nf6 5. Bb5+ Bd7 6. Bc4 Qc7 7. d3 b5 8. Bb3 Bg4 9. f3 Bf5 10. Nc3 a6 11. Ne4 Nbd7 12. Qe2 Nc5 13. Qc2 Rc8 14. Ne2 Nxb3 15. Qxb3 Qb7 16. N2c3 Rd8 17. d6 exd6 18. Nxf6+ gxf6 19. 0-0 Be7 20. Re1 Be6 21. Qc2 Rg8 22. Kh1 Rg6 23. Ne2 Kd7 24. Nf4 Rg7 25. Qe2 Rdg8 26. Nxe6 fxe6 27. Qxe6+ Kd8 28. Re2 Qd7 29. Qe3 Qf5 30. Bd2 Ke8 31. Rae1 Qd7 32. Bc3 Rf8 33. Qh6 Rgf7 34. Qh5 Kd8 35. Ba5+ Ke8 36. Re6 Rg8 37. Rxe7+ Qxe7 38. Rxe7+ Kxe7 39. Qd5 Rfg7 40. Bc7 Rxg2 41. Qxd6+ Ke8 1-0

[Event "IND-ch U13 35th"]
[Site "Puducherry"]
[Date "2022.12.16"]
[Round "9"]
[White "Daaevik, Wadhawan"]
[Black "Arshpreet, Singh"]
[Result "1-0"]
[WhiteElo "1780"]
[BlackElo "1713"]
[PlyCount "57"]
[EventDate "2022.12.11"]
[EventType "swiss"]
[EventRounds "11"]
[EventCountry "IND"]
[SourceTitle "EXT 2024"]
[Source "ChessBase"]
[SourceDate "2023.10.10"]
[SourceVersion "1"]
[SourceVersionDate "2023.10.10"]
[SourceQuality "1"]

1. d4 Nf6 2. c4 e6 3. g3 d5 4. Bg2 Bb4+ 5. Nd2 0-0 6. Ngf3 b6 7. 0-0 Bb7 8. a3 Be7 9. cxd5 exd5 10. Ne5 Nbd7 11. b4 c5 12. bxc5 bxc5 13. Bb2 cxd4 14. Nxd7 Qxd7 15. Bxd4 Ne4 16. Bxg7 Nxf2 17. Rxf2 Kxg7 18. Nb3 Qa4 19. Rf4 Qc6 20. Kh1 Bf6 21. Rc1 Qe8 22. Nd4 Qe5 23. Nf5+ Kh8 24. Nh6 Qg5 25. Qf1 Qxh6 26. Rxf6 Qe3 27. Rc7 Ba6 28. Rxa6 Rac8 29. Raxa7 1-0

[Event "IND-ch U15 47th"]
[Site "New Delhi"]
[Date "2022.11.29"]
[Round "3"]
[White "Harsh, Suresh"]
[Black "Arshpreet, Singh"]
[Result "1-0"]
[WhiteElo "2280"]
[BlackElo "1713"]
[PlyCount "81"]
[EventDate "2022.11.28"]
[EventType "swiss"]
[EventRounds "11"]
[EventCountry "IND"]
[SourceTitle "CBM 211 Extra"]
[Source "ChessBase"]
[SourceDate "2023.01.31"]
[SourceVersion "1"]
[SourceVersionDate "2023.01.31"]
[SourceQuality "1"]

1. e4 c5 2. Nc3 Nc6 3. Bb5 Nd4 4. Bc4 g6 5. Nf3 Bg7 6. Nxd4 cxd4 7. Qf3 e6 8. Nb5 Be5 9. c3 dxc3 10. dxc3 a6 11. Nd4 b5 12. Bb3 Bb7 13. Qe2 Bg7 14. 0-0 Ne7 15. Bg5 h6 16. Bh4 g5 17. Bg3 Ng6 18. a4 b4 19. Nf5 exf5 20. exf5+ Qe7 21. Rae1 d5 22. fxg6 Qxe2 23. Rxe2+ Kd7 24. cxb4 fxg6 25. Bxd5 Bxd5 26. Rd1 Rhe8 27. Rxd5+ Kc6 28. Rd6+ Kb7 29. Rxe8 Rxe8 30. h3 Bxb2 31. Rxg6 Re4 32. Bd6 Rd4 33. Bc5 Rd1+ 34. Kh2 Be5+ 35. g3 Bc7 36. Rxh6 Ra1 37. a5 Rd1 38. Kg2 Rd3 39. Rg6 Bd8 40. Bb6 Be7 41. Rg7 1-0

[Event "Uadjpur Pandiyar Memorial 7th"]
[Site "Uadjpur"]
[Date "2022.10.11"]
[Round "8"]
[White "Arshpreet, Singh"]
[Black "Jeet, Jain"]
[Result "1-0"]
[WhiteElo "1712"]
[BlackElo "2167"]
[PlyCount "93"]
[EventDate "2022.10.08"]
[EventType "swiss"]
[EventRounds "9"]
[EventCountry "IND"]
[SourceTitle "CBM 210 Extra"]
[Source "ChessBase"]
[SourceDate "2022.11.30"]
[SourceVersion "1"]
[SourceVersionDate "2022.11.30"]
[SourceQuality "1"]

1. e4 e5 2. Nf3 Nc6 3. Bb5 a6 4. Ba4 Nf6 5. 0-0 Be7 6. d3 b5 7. Bb3 d6 8. c3 0-0 9. h3 h6 10. Re1 Na5 11. Bc2 c5 12. d4 Qc7 13. Nbd2 Re8 14. Nf1 Bf8 15. d5 Bd7 16. Kh2 c4 17. g4 h5 18. g5 Nh7 19. Ng3 g6 20. Nxh5 gxh5 21. Nh4 Bg7 22. Rg1 Nf8 23. Qxh5 Ng6 24. Nxg6 fxg6 25. Qxg6 Rf8 26. Be3 Nb7 27. Qh5 Be8 28. g6 Bh8 29. Qh4 Bf6 30. Qh5 Qg7 31. Rg2 Qh8 32. Qxh8+ Kxh8 33. h4 Bg7 34. h5 Rf4 35. Bxf4 exf4 36. Rag1 Nc5 37. e5 Nd3 38. Bxd3 cxd3 39. e6 Rc8 40. f3 Rc5 41. Rg5 Bh6 42. g7+ Kg8 43. Rf5 Bxg7 44. h6 Rc7 45. hxg7 Rxg7 46. Rxg7+ Kxg7 47. Rxf4 1-0

[Event "IND-ch U14"]
[Site "Ahmedabad"]
[Date "2022.05.13"]
[Round "9"]
[White "Sahib, Singh"]
[Black "Arshpreet, Singh"]
[Result "1-0"]
[WhiteElo "1991"]
[BlackElo "1564"]
[PlyCount "89"]
[EventDate "2022.05.09"]
[EventType "swiss"]
[EventRounds "11"]
[EventCountry "IND"]
[SourceTitle "CBM 208 Extra"]
[Source "ChessBase"]
[SourceDate "2022.07.31"]
[SourceVersion "1"]
[SourceVersionDate "2022.07.31"]
[SourceQuality "1"]

1. e4 c5 2. Nc3 Nc6 3. f4 e6 4. Nf3 d5 5. Bb5 Nge7 6. exd5 Nxd5 7. Bxc6+ bxc6 8. d3 Nxc3 9. bxc3 Be7 10. 0-0 Bf6 11. Qe1 0-0 12. Ne5 Bxe5 13. Qxe5 Qd5 14. c4 Qxe5 15. fxe5 Rb8 16. Ba3 Rd8 17. Rab1 Rb7 18. Rxb7 Bxb7 19. Bxc5 a6 20. Kf2 Rd7 21. Ke3 Bc8 22. Rb1 Rb7 23. Rxb7 Bxb7 24. Be7 c5 25. g4 h6 26. Bxc5 f6 27. exf6 gxf6 28. Bb4 e5 29. c3 Bc8 30. Kf3 Be6 31. a4 Kf7 32. a5 Ke8 33. Ba3 Kf7 34. Bc1 Kg6 35. Ke4 h5 36. gxh5+ Kxh5 37. c5 Kg6 38. d4 exd4 39. cxd4 Kf7 40. d5 Bh3 41. c6 Ke8 42. Kd4 Kd8 43. Kc5 Bg2 44. d6 Kc8 45. d7+ 1-0